| 000 | 00390nam a2200169Ia 4500 | ||
|---|---|---|---|
| 001 | 17246 | ||
| 003 | IN-NITTTR | ||
| 005 | 20251114233203.0 | ||
| 008 | 251113s9999||||xx |||||||||||||| ||eng|| | ||
| 040 | _beng | ||
| 040 | _cIN-NITTTR | ||
| 041 | _aeng | ||
| 082 | _a612.792 C677T | ||
| 100 | _aColeman, Vernon | ||
| 245 | 0 |
_aTaking care of your skin / _cColeman, Vernon |
|
| 942 |
_2ddc _cBK |
||
| 999 |
_c19880 _d19880 |
||